| 000 | 00466nam a22001817a 4500 | ||
|---|---|---|---|
| 003 | CEME | ||
| 005 | 20210628202017.0 | ||
| 008 | 210223b xxu||||| |||| 00| 0 eng d | ||
| 020 | _a0-07-213076-8 | ||
| 040 | _c. | ||
| 082 | _a005.3 BUC | ||
| 100 |
_aBuczek, Greg _957861 |
||
| 245 | _aInstant access databases | ||
| 260 |
_aNEW YORK _bMCGRAW HILL _c2001 |
||
| 300 | _aXV,760P | ||
| 650 |
_aACCESS DATABASES MICROSOFT ACCESS DATABASES _957862 |
||
| 942 |
_cBK _2ddc |
||
| 999 |
_c568106 _d568106 |
||